000 01221nam a2200229 a 4500
001 000000761
005 20260505121332.0
008 090509s2007 sp ac 000 0 spa d
020 _a997220930X
040 _aDO-SdBNP
_bspa
_cBNPHU
082 _a728
_bM938m
100 1 _aMoya, Sandra
_92601
245 1 0 _aModernos apartamentos /
_cSandra Moya.
260 _aBarcelona :
_bLexus,
_c2007.
300 _a199 p. :
_bil. retrs. ;
_c33 cm.
505 0 _aIntroducción -- Summer container -- Casa en Vandoeuvres -- Optibo -- Tavola -- Casa Pixel -- Casa Box -- Casa de verano en Dyngby -- Apartamento en Xiangsham -- Residencia Mp3 -- Central telefónica Lords -- Casa Claraboya -- Snowboarders cottage -- Casa Lina -- Wee house -- Casa Zenzmaier -- Casa 2parts -- Casa-barco -- Solar Box -- Apartamento Locher -- Hanse Colani Rotorhaus -- Estudio y casa para invitados -- Residencia Dong Heon -- Casa Layer -- Apartamento en Chelsea -- Dúplex Kang -- Zig Zag Cabin -- Natural Wedge
650 4 _aArquitectura doméstica
_xDiseños y planos
_92602
650 0 _aEspacio (Arquitectura)
_92603
650 4 _aArquitectura de interiores
_92604
650 0 _aArquitectura moderna
_92605
910 _aValidado. Control de calidad MFF
999 _c757
_d757